Score 0/10 Timer 05:00
2 Plays Today
Question Answer % Correct
What job does Lily's doppelganger have?Stripper
83.6%
What item does Ted leave in the apartment of his future wife?The yellow umbrella
73.5%
What kind of class is the one that Ted originally goes to?Economics
64.5%
Where is the job that Robin turns down and Don accepts located?Chicago
60.7%
What phrase is the drinking game centered around Robin based on?But um
56.9%
What position does Scooter hold at Lily's school?Lunch Lady
56.2%
What do Ted and Marshall call the pavement in front of their building?Bermuda Triangle
53.5%
What Canadian does Lily call in to help breakup Robin and Barney?Alan Thicke
50%
During 'The Playbook' what play is Barney running through the episode?Scuba diver
42.1%
Who goes with Marshall and Ted to visit Lily in Paris?Karen
36.8%
Remove Ads.
Support Sporcle.
Get the best of Sporcle when you Go Orange. This ad-free experience offers more features, more stats, and more fun while also helping to support Sporcle. Thank you for becoming a member.

You're not logged in!

Compare scores with friends on all Sporcle quizzes.
OR
Log In

Show Comments

Extras

Top Quizzes Today


Score Distribution

Your Account Isn't Verified!

In order to create a playlist on Sporcle, you need to verify the email address you used during registration. Go to your Sporcle Settings to finish the process.

Report this User

Report this user for behavior that violates our Community Guidelines.

Details: